Test wiedzy o Zbyszku kucharskim - Statystyki

Ogólne statystyki
  • Ten quiz został rozwiązany 20 razy
  • Średni wynik to 3 z 5
Statystyki odpowiedzi
Hint Odpowiedź % Poprawnych
Jaka jest jego ulubiona woda? Oaza
83%
Gdzie mieszka? Łódź
78%
Ile ma lat? 69
67%
Ile jego mały ma cm? 300
17%
(reklama) jakie jest najlepsze konto na tik toku? Lil massive naplet
11%
Nie znaleziono quizów pasujących do podanych kryteriów
Rozkład punktacji
Procent ludzi z każdym wynikiem
Percentyl według liczby udzielonych odpowiedzi
Twoja historia wyników
Nie rozwiązałeś tego quizu